|
|
|
|
| LEADER |
00616cam a2200205 a 4500 |
| 001 |
0000039795 |
| 005 |
20040323090000.0 |
| 040 |
|
|
|a mod
|
| 041 |
|
|
|a eng
|
| 020 |
|
|
|a 0300029462
|
| 090 |
0 |
0 |
|a 355.0217
|b BRA
|
| 100 |
1 |
|
|a BRACKEN
|h Paul
|
| 245 |
1 |
4 |
|a The command and control of nuclear forces
|c Paul Bracken
|
| 260 |
|
|
|a London
|b Yale University Press
|c 1983
|
| 300 |
|
|
|a 252p.
|c 21cm
|
| 650 |
0 |
0 |
|a Atomic warfare
|
| 650 |
0 |
0 |
|a Command and control systems
|
| 852 |
0 |
0 |
|a 01
|
| 999 |
|
|
|a 0000011781
|b MTAT
|d BOOKS
|e Umum
|f MTAT
|j AVAILABLE
|q GOOD CONDITION
|
| 999 |
|
|
|a 0067689
|b KEMENTAH
|d BOOKS
|e Umum
|f Perpustakaan KEMENTAH
|j AVAILABLE
|q OLD
|